Stati per densità di popolazione - Europa - Statistics

Statistiche generali
  • Questo quiz è stato fatto 28 volte
  • Il punteggio medio è 9 su 10
Statistiche sulle risposte
Densità (popolazione per km²) Nazione % Corretto
1 600 Città del Vaticano
100%
18 000 Monaco
100%
550 San Marino
100%
253 Lussemburgo
96%
233 Germania
92%
1 700 Malta
92%
277 Regno Unito
92%
424 Paesi Bassi
88%
383 Belgio
84%
247 Liechtenstein
84%
Nessun quiz corrispondente trovato
Distribuzione punteggi
Percentuale di utenti per punteggio
Percentile per numero di risposta
I tuoi punteggi nel tempo
Non hai fatto questo quiz